000 00388cam a2200181ua 4500
020 _c2.50
041 _amal
_h
082 _a954.83
_bKUN/AN
100 _aKunjan, Pillai P.N .
245 _aAnnathe Keralam
260 _a :
_bP.N Kunjan Pillai ,
_c1965.
300 _a177 ; .
365 _a2.50
504 _a
942 _cBK
999 _c4355
_d4355